000 00733nam a22002297a 4500
999 _c3007
_d3007
003 AR-CdUCM
008 190305b ||||| |||| 00| 0 spa d
040 _aMUNICIPALIDAD PROVINCIAL DEL CUSCO
_cBIBLIOTECA MUNICIPAL DEL CUSCO
041 _heng.
082 _a818.241 /
_bW31S
100 _aIrving, Washington,
_910258
245 _aProsa selecta /
260 _aMéxico, D.F :
_bEdit. Novaro México,
_c1964.
300 _a605 paginas ;
_c17 cm.
505 _aContenido :Cuentos estadounidenses /
650 _aCuentos estadounidenses
_910259
650 _aEnsayos estadounidenses
_91963
650 _aSiglo XIX
_9971
700 _a Francisco González Aramburú (traductor)
_910260
942 _2ddc
_cLIBROS
945 _arjall